| 000 | 00441nam a2200181 i 4500 | ||
|---|---|---|---|
| 001 | bg | ||
| 100 | 1 | _aDENBIGH, Kenneth G. | |
| 245 | 0 |
_aŚwiat i czas / _cDenbigh Kenneth G. |
|
| 260 |
_aWarszawa, _c1979. |
||
| 490 | 1 |
_aBiblioteka Problemów ; _vt.258 |
|
| 650 | 9 | _aCzas | |
| 830 | _aBiblioteka Problemów ; | ||
| 040 | _cBPK | ||
| 041 | _apol | ||
| 080 | _a531.1:113/119 | ||
| 942 | _cKS | ||
| 008 | s pl f |000 0 pol | ||
| 999 |
_c21460 _d21460 |
||
| 856 |
_uhttp://koha.tu.koszalin.pl/cgi-bin/koha/opac-detail.pl?biblionumber=21460 _yKatalog online BPK |
||